| 000 | 00717nam a2200241 a 4500 | ||
|---|---|---|---|
| 005 | 20220519112639.0 | ||
| 008 | 010924s1996 mx r 000 0 spa d | ||
| 020 | _a8432309966 | ||
| 035 | _aUPN01000112738 | ||
| 049 | _aCG | ||
| 050 | 4 |
_aQB36 G2 _bS7.48 |
|
| 100 | 1 |
_aStrathern, Paul, _d1940- _932449 |
|
| 245 | 1 | 0 |
_aGalileo y el sistema solar / _cPaul Strathern ; tr. Anton Corriente. |
| 260 |
_aMadrid, Esp. : _bSiglo XXI, |
||
| 300 |
_a99 p. : _bil. |
||
| 440 | 4 | _aLos cientÃficos y sus descubrimientos. | |
| 534 |
_pTraducción de: _tGalileo & the solar system |
||
| 600 | 0 | 4 |
_aGALILEO, _d1564-1642 |
| 650 | 2 |
_aSistema solar _918922 |
|
| 901 | _a176552/176553 ej.2 | ||
| 902 | _aLG/rrm | ||
| 905 | _aLibro | ||
| 999 |
_c86646 _d86646 |
||